00674nam a2200169 a 4500003000200000005001700002008004100019050003300060100003000093245010300123260009000226300004000316504004100356650004100397650002400438650004200462020250411095441.0060724s19uu xx 00 eng d aPHS TP 248.27.P55b.B35 2006 aBaldonado, Denise Lois R. aThe Effectiveness of Akapulko (Cassia alata l.) seeds as a nematocide /cDenise Lois R. Baldonado. aLas Piñas City, Philippines :bSouthville International School and Colleges,c2006. a32 pages :billustrations ;c28 cm. aIncludes bibliographical references. aCassia alataxPesticidal properties. aNematodesxControl. aPlant extractsxNematocidal activity.